Tenisový klub s reštauráciou - Pri Habánskom mlyne

Gespeichert in:
Bibliographische Detailangaben
1. Verfasser: Tisovčíková, Mária, 1987- (Verfasst von)
Weitere Verfasser: Kosnáč, Pavel, 1954- (Betreuung Doktorarbeit)
Format: Manuskript Buch
Sprache:Englisch
Veröffentlicht: Bratislava : STU v Bratislave FA, 2010
Schlagworte:
Online-Zugang:VAIS
Tags: Tag hinzufügen
Keine Tags, Fügen Sie das erste Tag hinzu!

MARC

LEADER 00000ntm a22000003a 4500
001 stu219129
005 20210728093827.9
008 101209s2010----xo------------------eng-d
040 |a STU  |b slo 
041 0 |a eng 
044 |a xo 
100 1 |a Tisovčíková, Mária,  |d 1987-  |4 aut  |u A  |T FAD Fakulta architektúry  |X 39985  |U A  |Y 50  |7 A000039985 
242 0 0 |a Tennis club with restaurant- Pri Habánskom Mlyne  |y eng 
245 1 |a Tenisový klub s reštauráciou - Pri Habánskom mlyne 
260 |a Bratislava :  |b STU v Bratislave FA,  |c 2010 
650 7 |a architektúra a urbanizmus  |2 stusub 
650 7 |a Architecture and Urban Design  |2 estusub 
650 7 |a fitness  |2 estusub 
650 7 |a reštaurácia  |2 stusub 
650 7 |a fitnes  |2 stusub 
700 1 |a Kosnáč, Pavel,  |d 1954-  |4 ths  |u A1110  |U FAD Fakulta architektúry  |U FAD Fakulta architektúry  |T FA Ústav architektúry obytných budov  |X 4204  |U A1110  |Y 392  |7 A000004204 
856 4 |a info a plný text  |u http://is.stuba.sk/zp/portal_zp.pl?podrobnosti=5091  |u https://opac.crzp.sk/?fn=detailBiblioForm&sid=4156E77560192824B4631D96D6BB  |3 VAIS